| 000 | 00803cab a2200277 4500 | ||
|---|---|---|---|
| 001 | ABS49399 | ||
| 008 | 090401t xxu||||| |||| 00| 0 eng d | ||
| 035 | _a(Sirsi) u71092 | ||
| 041 | _aeng | ||
| 245 | _aAlternative land use | ||
| 260 | _c7(10) August 1993. (8) | ||
| 300 | _aLOAN | ||
| 350 | _a0 | ||
| 490 |
_aFarm Development Review _v7(10) August 1993. (8) |
||
| 520 | _aDiscusses farm management agreements, cycle tourism, golf course development farm attractions marketing and Energis wayleaves. | ||
| 650 | _aCYCLE TOURISM | ||
| 650 | _aELECTRICITY PYLONS | ||
| 650 | _aENERGIS WAYLEAVES | ||
| 650 | _aFARM DIVERSIFICATION | ||
| 650 | _aFARM MANAGEMENT AGREEMENTS | ||
| 650 | _aMARKETING | ||
| 650 | _aTOURISM | ||
| 690 | _aRURAL PRACTICE | ||
| 942 | _n0 | ||
| 948 | _c04/03/1997 | ||
| 999 |
_c44786 _d44786 |
||